Microbiología
Salvato in:
| Autori principali: | , , |
|---|---|
| Natura: | Libro |
| Lingua: | spagnolo |
| Pubblicazione: |
Ciudad de México
Repla
1986
|
| Soggetti: | |
| Tags: |
Aggiungi Tag
Nessun Tag, puoi essere il primo ad aggiungerne!!
|
MARC
| LEADER | 00000nam a2200000 a 4500 | ||
|---|---|---|---|
| 001 | UCX8610 | ||
| 003 | CL-VaPUC | ||
| 008 | 940414e19860000MX |||||||||||||||||spa|d | ||
| 082 | 0 | 4 | |a 576 |b STA |2 21 |
| 100 | 0 | |a Stanier, Roger Y |e author |9 325775 | |
| 700 | 0 | |a Adelberg, Edward A |e author |9 325776 | |
| 700 | |a Ingraham, John L |e author |9 585924 | ||
| 245 | 1 | 0 | |a Microbiología |
| 300 | |a 836 p | ||
| 942 | |c BK | ||
| 945 | |d 19940414 00:00:00 |a mfernand | ||
| 260 | |a Ciudad de México |b Repla |c 1986 | ||
| 650 | 0 | |a Microbiología |9 259706 | |
| 583 | |a last modification |c 19940414 00:00:00 |k Rodrigo Vera | ||
| 999 | |c 228060 |d 228058 | ||
| 952 | |0 0 |1 0 |2 ddc |4 0 |6 576_000000000000000_STA_1986 |7 0 |8 A |9 227656 |a BIBCUR |b BIBCUR |c PAC |d 2019-11-15 |i 2947005 |o 576 STA 1986 |p 2947005 |r 2025-04-22 |w 2019-11-15 |y BK |k BCB | ||